000 01052nam a22002891a 4500
001 37092
003 BD-RjUL
005 20211209052557.0
008 141015s1971 enka b 001 0 eng
020 _a0192159429
035 _a(BD-RjUL)37194
040 _aDLC
_cDLC
_dDLC
_dBD-RjUL
_beng
041 _aeng
082 0 0 _a 509.1724
_bJOR 1971
100 1 _aJones, Graham,
_d1947-
_9113432
245 1 4 _aThe role of science and technology in developing countries /
_cGraham Jones; with an introduction by Lord Blackett.
260 _aLondon;
_aNew York:
_bPublished for the International Council of Scientific Unions by Oxford University Press,
_c1971.
300 _axviii, 174 p.
_billus.
_c23 cm.
504 _aIncludes bibliographical references.
650 0 _aScience
_zDeveloping countries.
_9113433
650 0 _aTechnical assistance
_zDeveloping countries.
_915345
700 _a Blackett, Lord
_9113434
710 2 _aInternational Council of Scientific Unions.
_9113435
942 _2ddc
_cBK
999 _c37092
_d37092